000 01271cam a22003617a 4500
003 CHAP
005 20220817043637.0
008 000323d1994 mx r 00110 eng d
010 _a80496
011 _a81468
020 _a9686923217
035 _a91940
040 _cCHAP
090 _aFolleto 15885
100 0 0 _aIreta Moreno, Javier.
_960338
245 1 0 _aFusarium head scab of wheat (Fusarium graminearum Schwabe)
_c/by J. Ireta M. and L. Gilchrist S
260 _aMéxico, D. F. :
_bCentro Internacional de Mejoramiento de Maíz y Trigo,
_c1994.
300 _a25 p. :
_bilus.
410 _aCentro Internacional de Mejoramiento de Maíz y Trigo
490 0 _aInforme especial de trigo
_v; 21b
590 _aBATCH-UPD
_b10
_c20130110
_lUCH01
_h0004
590 _aBATCH-UPD
_b10
_c20130110
_lUCH01
_h0739
590 _aCONVERSION
_b10
_c20130109
_lUCH01
_h1345
650 1 4 _aFusarium graminearum.
_944088
650 1 4 _aTrigo
_xEnfermedades.
_9115017
700 0 _aGilchrist Saavedra, Lucy Isabella.
_947982
810 _aCentro Internacional de Mejoramiento de Maíz y Trigo
830 0 0 _aInforme especial de trigo
_v; 21b
_958133
901 _aBK
905 _aLilia Sánchez G.
942 _cFOLL
949 _aFolleto 15885
_bBC
_cFOLL
_d919401
_eTS1
_i91940
_sb
999 _c80496
_d80496